| 000 | 00996nam a2200277 i 4500 | ||
|---|---|---|---|
| 001 | 000034919 | ||
| 003 | DO-SdBNP | ||
| 005 | 20240503073631.0 | ||
| 007 | ta | ||
| 008 | 111021s1957 sp a 000 0 spa d | ||
| 040 |
_aDO-SdBNP _bspa _cBNPHU _erda |
||
| 082 | 4 |
_a863.3 _bC419i 1957 _222 |
|
| 100 | 1 |
_aCervantes Saavedra, Miguel de, _d1547-1616 _93070 |
|
| 245 | 1 | 3 |
_aEl ingenioso hidalgo Don Quijote de la Mancha / _bMiguel de Cervantes Saavedra ; edición Justo García Soriano y Justo García Morales |
| 250 | _a6a ed. | ||
| 264 |
_aMadrid : _bAguilar, _c1957. |
||
| 300 |
_a1911 páginas: _bilustraciones ; _c14 cm. |
||
| 336 |
_2rdacontent _atexto _btxt |
||
| 337 |
_2rdamedia _asin mediación _bn |
||
| 338 |
_2rdacarrier _avolumen _bnc |
||
| 500 | _aIncluye referencias bibliográficas y notas al pie de las páginas | ||
| 590 | _aInventariado, 2023/BT | ||
| 700 | 1 |
_aGarcía Soriano, Justo, _eedición _936196 |
|
| 700 | 1 |
_aGarcía Morales, Justo, _eedición _932285 |
|
| 942 |
_2ddc _cLBS1 |
||
| 999 |
_c34410 _d34410 |
||